00556 2200169 4500245010400000020002200104250001100126700001700137100002300154650004400177005001900221260007600240041001400316084001000330300003700340336000900377 aPanduan Guru Bahasa Indonesia untuk SMA/MA/SMK/MAK Kelas X (Edisi Revisi)cSefi Indra GumilarhText a978-623-118-379-8 acet. 1 aKhairin Nisa aSefi Indra Gumilar aBuku Pelajaran Bahasa Indonesia Kelas X a20240917153413 aJakartabKementerian Pendidikan, Kebudayaan, Riset, dan Teknologic2023 aIndonesia a371.3 axvi, 304 hlm. :b17,6 x 25 cm. ; atext